<?xml version="1.0" encoding="UTF-8"?>
<record
    xmlns:xsi="http://www.w3.org/2001/XMLSchema-instance"
    xsi:schemaLocation="http://www.loc.gov/MARC21/slim http://www.loc.gov/standards/marcxml/schema/MARC21slim.xsd"
    xmlns="http://www.loc.gov/MARC21/slim">

  <leader>01415nam a2200289 u 4500</leader>
  <controlfield tag="001">955854</controlfield>
  <controlfield tag="005">20260506155911.0</controlfield>
  <controlfield tag="008">051121s1990                        spa  </controlfield>
  <datafield tag="020" ind1=" " ind2=" ">
    <subfield code="a">8476404573</subfield>
  </datafield>
  <datafield tag="035" ind1=" " ind2=" ">
    <subfield code="a">955854</subfield>
  </datafield>
  <datafield tag="035" ind1=" " ind2=" ">
    <subfield code="a">(OCoLC)435378392</subfield>
  </datafield>
  <datafield tag="040" ind1=" " ind2=" ">
    <subfield code="c">comduadb</subfield>
  </datafield>
  <datafield tag="041" ind1=" " ind2=" ">
    <subfield code="a">spa</subfield>
  </datafield>
  <datafield tag="080" ind1=" " ind2=" ">
    <subfield code="a">H</subfield>
  </datafield>
  <datafield tag="100" ind1="1" ind2="0">
    <subfield code="a">Black, Ginger E.</subfield>
    <subfield code="4">aut</subfield>
    <subfield code="e">aut</subfield>
    <subfield code="9">547237</subfield>
  </datafield>
  <datafield tag="245" ind1="1" ind2="3">
    <subfield code="a">El &#xE9;xito escolar : gu&#xED;a para padres y educadores</subfield>
  </datafield>
  <datafield tag="260" ind1=" " ind2=" ">
    <subfield code="a">Barcelona :</subfield>
    <subfield code="b">Edaf,</subfield>
    <subfield code="c">1990.</subfield>
  </datafield>
  <datafield tag="300" ind1=" " ind2=" ">
    <subfield code="a">199 p&#xE1;ginas</subfield>
  </datafield>
  <datafield tag="490" ind1="0" ind2=" ">
    <subfield code="a">Temas de superacion personal</subfield>
  </datafield>
  <datafield tag="520" ind1="3" ind2=" ">
    <subfield code="a">El libro es un instrumento de inestimable valor para los padres, a quienes ense&#xF1;a c&#xF3;mo y cu&#xE1;nto pueden ayudar al &#xE9;xito de sus hijos y que la escuela suponga para ellos el comienzo feliz de una vida brillante. La mayor&#xED;a de los ni&#xF1;os experimentan alguna dificultad en la escuela. Tener que pasar por estos momentos dif&#xED;ciles suele desconcertar del mismo modo a hijos y padres. Se demuestra c&#xF3;mo los obst&#xE1;culos en el camino -ansiedad infantil, problemas familiares, competitividad y agotamiento- predisponen al fracaso escolar, y explica a los padres c&#xF3;mo afrontar y resolver estos problemas</subfield>
  </datafield>
  <datafield tag="650" ind1=" " ind2=" ">
    <subfield code="a">Fracaso escolar</subfield>
    <subfield code="9">3543</subfield>
  </datafield>
  <datafield tag="650" ind1=" " ind2=" ">
    <subfield code="a">Ansiedad en el aprendizaje</subfield>
    <subfield code="9">178005</subfield>
  </datafield>
  <datafield tag="650" ind1=" " ind2="7">
    <subfield code="a">&#xC9;xito </subfield>
    <subfield code="x">Aspectos psicol&#xF3;gicos</subfield>
    <subfield code="2">lemb</subfield>
    <subfield code="9">70783</subfield>
  </datafield>
  <datafield tag="650" ind1=" " ind2=" ">
    <subfield code="a">Estr&#xE9;s en ni&#xF1;os</subfield>
    <subfield code="9">66404</subfield>
  </datafield>
  <datafield tag="650" ind1=" " ind2=" ">
    <subfield code="a">Relaci&#xF3;n familia-escuela</subfield>
    <subfield code="9">42545</subfield>
  </datafield>
  <datafield tag="942" ind1=" " ind2=" ">
    <subfield code="c">BOOK</subfield>
  </datafield>
  <datafield tag="999" ind1=" " ind2=" ">
    <subfield code="c">370634</subfield>
    <subfield code="d">370634</subfield>
  </datafield>
  <datafield tag="952" ind1=" " ind2=" ">
    <subfield code="0">0</subfield>
    <subfield code="1">0</subfield>
    <subfield code="4">0</subfield>
    <subfield code="7">0</subfield>
    <subfield code="8">GENERAL</subfield>
    <subfield code="a">CEDED</subfield>
    <subfield code="b">CEDED</subfield>
    <subfield code="d">2005-11-21</subfield>
    <subfield code="i">C889173</subfield>
    <subfield code="l">0</subfield>
    <subfield code="o">H/0311</subfield>
    <subfield code="p">0591521</subfield>
    <subfield code="r">2023-04-26 00:00:00</subfield>
    <subfield code="t">1</subfield>
    <subfield code="w">2023-04-26</subfield>
    <subfield code="y">BOOK</subfield>
  </datafield>
</record>
